000
00226nam a2200097Ia 4500
001
682287
005
20250826161416.0
008
250824s9999 xx 000 0 und d
245
0
_a
GECE SESLERİ
_c
AYŞE KULİN
260
_b
EVEREST
999
_c
682287
_d
682287